Better connected better business (Record no. 114646)

MARC details
000 -LEADER
fixed length control field 00985cad a22001935a 4500
001 - CONTROL NUMBER
control field L157198
008 - FIXED-LENGTH DATA ELEMENTS--GENERAL INFORMATION
fixed length control field 120918s2012 xxk f 000 0 eng d
035 ## - SYSTEM CONTROL NUMBER
System control number (Sirsi) u157198
041 0# - LANGUAGE CODE
Language code of text/sound track or separate title eng
110 2# - MAIN ENTRY--CORPORATE NAME
Corporate name or jurisdiction name as entry element Confederation of British Industry
9 (RLIN) 414
245 00 - TITLE STATEMENT
Title Better connected better business
Remainder of title CBI/KPMG infrastructure survey
Medium [electronic resource]
260 ## - PUBLICATION, DISTRIBUTION, ETC.
Name of publisher, distributor, etc. CBI
Date of publication, distribution, etc. 2012
520 ## - SUMMARY, ETC.
Summary, etc. CBI/KPMG infrastructure survey of 568 business leaders shows that businesses are concerned that critical infrastructure improvements are not happening quickly enough and want to see urgent government delivery. Transport infrastructure is the area of greatest concern with three quarters of firms not expecting to see any improvements in this area over the next five years.
590 ## - LOCAL NOTE (RLIN)
Local note KA NTK
651 #4 - SUBJECT ADDED ENTRY--GEOGRAPHIC NAME
Geographic name United Kingdom
Chronological subdivision
690 ## - LOCAL SUBJECT ADDED ENTRY--TOPICAL TERM (OCLC, RLIN)
Topical term or geographic name as entry element Infrastructure
9 (RLIN) 6246
856 40 - ELECTRONIC LOCATION AND ACCESS
Uniform Resource Identifier <a href="https://www.cbi.org.uk/media/1744517/is2012_final.pdf">https://www.cbi.org.uk/media/1744517/is2012_final.pdf</a>
Public note View the item free of charge at www.cbi.org.uk
942 ## - ADDED ENTRY ELEMENTS (KOHA)
Suppress in OPAC 0
Holdings
Withdrawn status Lost status Source of classification or shelving scheme Damaged status Not for loan Home library Current library Shelving location Date acquired Total Checkouts Full call number Barcode Date last seen Copy number Price effective from Koha item type
    Dewey Decimal Classification     Virtual Virtual Online 18/09/2012   ONLINE PUBLICATION 157198-2001 06/08/2019 1 06/08/2019 Book